Länder aus Elementen #1 - Statistiken

Allgemein
  • Dieses Quiz wurde 144 mal gespielt
  • Das Durchschnittsergebnis liegt bei 10 aus 15
Antwortstatistiken
Elementen Land % Korrekt
Fluor + Indium + Stickstoff + Lanthan + Neodym Finnland
85%
Neon + Phosphor + Aluminium Nepal
82%
Iod + Radium + Kalium Irak
80%
Stickstoff + Gold + Ruthenium Nauru
80%
Phosphor + Erbium + Uran Peru
80%
Kalium + Arsen + Actinium + Hassium + Tantal + Stickstoff Kasachstan
76%
Barium + Wasserstoff + Americium + Arsen Bahamas
69%
Molybdän + Schwefel + Americium + Bismut + Kalium Mosambik
68%
Kalium + Uran + Barium Kuba
66%
Beryllium + Nickel + Stickstoff Benin
65%
Kalium + Sauerstoff + Molybdän + Rhenium + Stickstoff Komoren
64%
Schwefel + Wolfram + Arsen + Iod + Lanthan + Neodym Swasiland
62%
Holmium + Neodym + Uran + Radium + Schwefel Honduras
61%
Kalium + Americium + Erbium + Uran + Stickstoff Kamerun
57%
Bohrium + Uran + Tantal + Stickstoff Bhutan
52%
Keine übereinstimmenden Quizze gefunden
Verteilung der Resultate
Anzahl Personen mit jedem Resultat
Perzentil nach korrekt beantworteten Fragen
Ihre Resultats-Entwicklung
Sie haben dieses Quiz noch nicht gespielt